Southville International School and Colleges
Your cart is empty.
  • Cart
  • Lists
    Public lists Eva Luna New books Lux_list list_1
    Your lists Log in to create your own lists
  • Log in to your account
  • Your cookies
  • Search history
Southville International School and Colleges
  • Advanced search
  • Recent comments
  • Most popular
  • Libraries

Log in to your account

Log in with GOOGLE


If you do not have an external account, but do have a local account, you can still log in:

  1. Home
  2. MARC view: The house of Hades /
Normal view MARC view ISBD view

The house of Hades / (Record no. 368596)

[ view plain ]
MARC details
000 -LEADER
fixed length control field 00841nam a22002177a 4500
003 - CONTROL NUMBER IDENTIFIER
control field 0
005 - DATE AND TIME OF LATEST TRANSACTION
control field 20251111160119.0
008 - FIXED-LENGTH DATA ELEMENTS--GENERAL INFORMATION
fixed length control field 251111b xxu||||| |||| 00| 0 eng d
020 ## - INTERNATIONAL STANDARD BOOK NUMBER
International Standard Book Number 978-1-4231-4672-8
050 ## - LIBRARY OF CONGRESS CALL NUMBER
Classification number PZ 7
Item number .R48 Ho 2013
100 ## - MAIN ENTRY--PERSONAL NAME
Personal name Riordan, Rick,
Relator term author.
245 ## - TITLE STATEMENT
Title The house of Hades /
Statement of responsibility, etc Rick Riordan.
260 ## - PUBLICATION, DISTRIBUTION, ETC. (IMPRINT)
Place of publication, distribution, etc New York :
Name of publisher, distributor, etc Disney-Hyperion,
Date of publication, distribution, etc 2013.
300 ## - PHYSICAL DESCRIPTION
Extent 597 pages ;
Dimensions 22 cm.
490 ## - SERIES STATEMENT
Series statement Heroes of Olympus ;
Volume number/sequential designation Book 4
520 ## - SUMMARY, ETC.
Summary, etc In this fourth installment of the Heroes of Olympus series, Percy Jackson and his friends embark on a dangerous quest to close the Doors of Death and prevent monsters from escaping into the world of mortals.
650 ## - SUBJECT ADDED ENTRY--TOPICAL TERM
Topical term or geographic name as entry element Fantasy fiction
Form subdivision Juvenile.
650 ## - SUBJECT ADDED ENTRY--TOPICAL TERM
Topical term or geographic name as entry element Adventure and adventurers
Form subdivision Juvenile fiction.
650 ## - SUBJECT ADDED ENTRY--TOPICAL TERM
Topical term or geographic name as entry element Greek mythology
Form subdivision Juvenile.
942 ## - ADDED ENTRY ELEMENTS (KOHA)
Source of classification or shelving scheme Library of Congress Classification
Koha item type Books
Holdings
Withdrawn status Lost status Source of classification or shelving scheme Damaged status Home library Current library Shelving location Date acquired Source of acquisition Sub Shelving location Total Checkouts Full call number Barcode Date last seen Price effective from Koha item type
    Library of Congress Classification   Luxembourg Library Luxembourg Library Fiction Section 02/06/2025 Donation     PZ 7 .R48 Ho 2013 21326 11/11/2025 11/11/2025 Books

The house of Hades /

APA

Riordan R., . (2013). The house of Hades. New York: Disney-Hyperion.

Chicago

Riordan Rick, . 2013. The house of Hades. New York: Disney-Hyperion.

Harvard

Riordan R., . (2013). The house of Hades. New York: Disney-Hyperion.

MLA

Riordan Rick, . The house of Hades. New York: Disney-Hyperion. 2013.

  • Place hold
  • Print
  • Cite
  • Add to your cart (remove)
  • Save record
    BIBTEX Dublin Core MARCXML MARC (non-Unicode/MARC-8) MARC (Unicode/UTF-8) MARC (Unicode/UTF-8, Standard) MODS (XML) RIS
  • More searches
    Search for this title in:
    Other Libraries (WorldCat) Other Databases (Google Scholar) Online Stores (Bookfinder.com) Open Library (openlibrary.org)

Exporting to Dublin Core...

SOUTHVILLE LIBRARY

Southville International School and Colleges Library

1281 Tropical Ave. Cor. Luxembourg St., BF Homes International, Las Pinas City

Tel. No. 8256374 / 252358 Loc. 117/146

Powered by Koha